| 000 | 00998nam a22002657a 4500 | ||
|---|---|---|---|
| 999 |
_c64741 _d64741 |
||
| 005 | 20240530110747.0 | ||
| 008 | 181204s2018 ua g b 000 0 ara d | ||
| 017 |
_a2017/21726 _bمصر. دار الكتب |
||
| 020 | _a9789778122145 | ||
| 040 |
_aEG-CaGPL _cEG-CaGPL |
||
| 082 | 0 | 4 |
_221 _a953.079 / _bس ت |
| 100 | 0 | _aسليمان عباس مسلم | |
| 245 | 1 | 0 |
_aتاريخ سرخس فى العصور الاسلامية الاولى / _cسليمان عباس مسلم |
| 250 | _aط.1 | ||
| 260 |
_aالقاهرة : _bالمكتب العربى للمعارف، _c2018. |
||
| 300 |
_a233 ص. ؛ _c24 سم. |
||
| 504 | _aيشتمل على ارجاعات ببليوجرافية | ||
| 650 | 0 | 7 |
_2qrmak _aالفنوحات الاسلامية |
| 650 | 0 | 7 |
_2qrmak _aالمعارك الحربية الاسلامية |
| 650 | 0 | 7 |
_2qrmak _aالتاريخ الاسلامى |
| 650 | 0 | 7 |
_2qrmak _aفتح طوس |
| 651 | _2qrmak | ||
| 942 |
_2ddc _cBK |
||